Trendy dočasné pracovní neschopnosti v České republice od počátku 90. let

Legislatívne opatrenia v oblasti nemocenského poistenia. Počet prípadov dočasnej pracovnej neschopnosti na 100 nemocensky poistených osôb a priemerné trvanie jedného prípadu. Priemerné percento pracovnej neschopnosti. Štandardizácia a dekompozícia ukazovateľov pracovnej neschopnosti v rokoch 1997-20...

Ausführliche Beschreibung

Gespeichert in:
Bibliographische Detailangaben
1. Verfasser: Gobyová, Jana
Format: Buchkapitel
Sprache:Tschechisch
Schlagworte:
Tags: Tag hinzufügen
Keine Tags, Fügen Sie das erste Tag hinzu!

MARC

LEADER 00000naa a2200000 4500
001 0126566
005 20220715114553.9
041 0 |a cze 
044 |a CZ 
245 1 0 |a Trendy dočasné pracovní neschopnosti v České republice od počátku 90. let  |c Jana Gobyová 
520 |a Legislatívne opatrenia v oblasti nemocenského poistenia. Počet prípadov dočasnej pracovnej neschopnosti na 100 nemocensky poistených osôb a priemerné trvanie jedného prípadu. Priemerné percento pracovnej neschopnosti. Štandardizácia a dekompozícia ukazovateľov pracovnej neschopnosti v rokoch 1997-2007. 
610 2 0 |a demografia 
610 2 0 |a obyvateľstvo 
610 2 0 |a poistenie nemocenské 
610 2 0 |a práceneschopnosť 
610 2 0 |a štatistika 
610 2 0 |a legislatíva 
610 2 0 |a Česko 
100 1 |a Gobyová, Jana